Les résultats du Psg en ldc en 2020-2021 - Statistiques

Statistiques générales
  • Ce quiz a été pris 159 fois
  • Le résultat moyen est 10 sur 12
Statistiques - réponses
Hint Réponse % Correct
Barcelone - Psg 1-4
94%
Psg - Barcelone 1-1
92%
Psg - Manchester United 1-2
89%
Bayern - Psg 2-3
89%
Psg - Bayern 0-1
88%
Istanbul BB - Psg 0-2
87%
Psg - Manchester City 1-2
86%
Manchester United - Psg 1-3
83%
RB Leipzig - Psg 2-1
80%
Psg - RB Leipzig 1-0
75%
Psg - Istanbul BB 5-1
75%
Manchester City - Psg 3-1
51%
Aucun quiz correspondant
Distribution des résultats
% des personnes avec chaque résultat
Percentile par nombre de réponses
Votre historique - résultats
Vous n’avez pas pris ce quiz